00624 2200217 4500001002100000005001500021035002000036007000300056008004100059020002200100082000800122084001500130100001800145245010600163260004500269300003100314650002100345700001800366990001100384990001100395INLIS00000000000211020180724095815 a0010-0718000062ta180724 g 0 ind  a978-602-03-1667-3 a745 a745 IVA t0 aIVA, Hardiana1 aTerampil Membuat 40 Kreasi Hampers Antaran untuk Acara Istimewa /cIva Hardiana; editor, Petra Aquina aJakarta :bGramedia Pustaka Utama,c2015 a83 hlm. :bilus. ;c23 cm. aKERAJINAN TANGAN0 aPETRA, Aquina a16748a a16478b